000 00757nam a2200229Ii 4500
003 JO-AjNU
008 230605s9999||||xx |||||||||||||| ||und||
017 _a2006/9/3314
020 _a9978-455-31-1
040 _aJO-AjNU
_bara
_erda
_cJO-AjNU
041 _aara
050 1 4 _aDS63.6.S54 2007
100 3 _aشياب، محمد خالد,
_eauthor
_917256
245 0 0 _aالدولة العربية المعاصرة وايديولوجية الاستبداد والتفتت
250 _aط1
264 3 1 _aعمان: دار ورد، 2007
300 _a127ص
336 _atext
_btxt
_2rdacontent
337 _aunmediated
_bn
_2rdamedia
338 _avolume
_bnc
_2rdacarrier
650 4 _aعالم عربي معاصر -تاريخ - الاستبداد
_917257
999 _aA5292
_c8860
_d8860